[Event "Women's Speed Chess Q6"]
[Site "chess.com INT"]
[Date "2021.06.05"]
[Round "1"]
[White "Bodnaruk, Anastasia"]
[Black "Dauletova, Gulmira"]
[Result "1-0"]
[WhiteTitle "IM"]
[BlackTitle "WGM"]
[WhiteElo "2446"]
[BlackElo "2257"]
[WhiteFideId "4181751"]
[BlackFideId "13702971"]
[EventDate "2021.06.05"]

1. e4 e5 2. Nf3 Nc6 3. Bb5 a6 4. Ba4 Nf6 5. O-O Be7 6. Re1 b5 7. Bb3 d6 8. a4
Rb8 9. c3 O-O 10. d3 Na5 11. Bc2 c5 12. Nbd2 Re8 13. Nf1 b4 14. cxb4 cxb4 15. d4
b3 16. Bb1 Qc7 17. Bg5 Nc4 18. Qc1 Bg4 19. Bxf6 Bxf6 20. Ne3 Bxf3 21. Qxc4 Qa5
22. Bd3 Bh5 23. d5 Qd2 24. Qxa6 Qxb2 25. Qxd6 Qd4 26. Bb5 b2 27. Rab1 Red8 28.
Qa3 Qxe4 29. Qxb2 Bg6 30. Rbc1 Qh4 31. Nc4 e4 32. Qe2 Rxd5 33. Ne3 Rh5 34. h3
Be5 35. a5 Qf4 36. Ng4 f5 37. Nxe5 Qxe5 38. Bc4+ Kh8 39. a6 Be8 40. a7 Ra8 41.
Ra1 Bc6 42. Reb1 f4 43. Qb2 Qxb2 44. Rxb2 Re5 45. Rb8+ Re8 46. Rab1 Rxa7 47.
Rxe8+ Bxe8 48. Rb8 Re7 49. Bb5 g6 50. Rxe8+ Rxe8 51. Bxe8 Kg7 52. Bc6 e3 53.
fxe3 fxe3 54. Kf1 Kf6 55. Ke2 Kg5 56. Kxe3 h5 57. g3 Kf5 58. Be4+ Kf6 59. Kf3 g5
60. Bc6 Kf5 61. Ke3 g4 62. h4 Kf6 63. Be8 Kg7 64. Bxh5 Kh6 65. Bxg4 Kg6 66. Bd1
Kh6 67. g4 Kg6 68. Kf4 Kf6 69. g5+ Kg6 70. Bc2+ Kg7 71. Kf5 Kh7 72. h5 Kg7 73.
h6+ Kh7 74. Kf6+ Kh8 75. g6 Kg8 76. Bd3 Kh8 77. g7+ Kg8 78. h7# 1-0

[Event "Women's Speed Chess Q6"]
[Site "chess.com INT"]
[Date "2021.06.05"]
[Round "1"]
[White "Priyanka, K"]
[Black "Nguyen, Thi Mai Hung"]
[Result "1-0"]
[WhiteTitle "WIM"]
[BlackTitle "WGM"]
[WhiteElo "2218"]
[BlackElo "2254"]
[WhiteFideId "5082986"]
[BlackFideId "12401676"]
[EventDate "2021.06.05"]

1. e4 e6 2. d4 d5 3. Nc3 Nf6 4. Bg5 dxe4 5. Nxe4 Nbd7 6. Nf3 h6 7. Bxf6 Nxf6 8.
Bd3 Be7 9. O-O O-O 10. Qe2 Nd5 11. c3 Nf4 12. Qe3 Nxd3 13. Qxd3 c5 14. Rad1 cxd4
15. Qxd4 Qc7 16. Rfe1 b6 17. Qa4 Rd8 18. Rxd8+ Qxd8 19. Rd1 Qf8 20. Ne5 Bb7 21.
Rd7 Bd5 22. Nc6 Bxc6 23. Qxc6 Qe8 24. Nd6 Bxd6 25. Qxd6 Qf8 26. Qc7 b5 27. h4 a5
28. b3 b4 29. c4 a4 30. c5 Rc8 31. Qa7 axb3 32. axb3 Rxc5 33. Qb6 Rd5 34. Rb7
Rd1+ 35. Kh2 Qd6+ 36. Qxd6 Rxd6 37. Rxb4 Kf8 38. Rc4 Rd2 39. Kg3 Rb2 40. Rc3 Ke7
41. f3 e5 42. Rc7+ Ke6 43. Rc6+ Kf5 44. Rb6 f6 45. Rb7 g6 46. h5 gxh5 47. Kh3
Kg5 48. Rg7+ Kf5 49. Rh7 Kg6 50. Rb7 f5 51. b4 e4 52. fxe4 fxe4 53. b5 e3 54.
Re7 e2 55. b6 Rxb6 56. Rxe2 Rb3+ 57. Kh2 Kg5 58. Re5+ Kg4 59. Re4+ Kf5 60. Rc4
Rb5 61. Ra4 Kg5 62. Ra8 Rf5 63. Rg8+ Kf4 64. Ra8 h4 65. Ra4+ Kg5 66. Ra6 Re5 67.
Ra3 Re2 68. Kh3 Re5 69. Ra4 Re3+ 70. Kh2 Rg3 71. Ra5+ Kg6 72. Ra6+ Kh5 73. Ra5+
Kg4 74. Ra4+ Kh5 75. Ra5+ Rg5 76. Rxg5+ hxg5 77. Kh3 g4+ 78. Kh2 Kg5 79. Kg1 Kf4
80. Kf2 Ke4 81. Ke2 Kd4 82. Kf2 Kd3 83. Kf1 Ke3 84. Ke1 Kd3 85. Kf2 Kd2 86. Kf1
Ke3 87. Ke1 g3 88. Kf1 Kd2 89. Kg1 Ke2 90. Kh1 h3 91. Kg1 1-0

[Event "Women's Speed Chess Q6"]
[Site "chess.com INT"]
[Date "2021.06.05"]
[Round "2"]
[White "Von Herman, Brigitte"]
[Black "Klinova, Masha"]
[Result "0-1"]
[WhiteTitle "WFM"]
[BlackTitle "IM"]
[WhiteElo "1991"]
[BlackElo "2275"]
[WhiteFideId "4628730"]
[BlackFideId "2802015"]
[EventDate "2021.06.05"]

1. e4 d6 2. d4 Nf6 3. Bd3 e5 4. c3 Nc6 5. Be3 Be7 6. Nf3 O-O 7. O-O d5 8. exd5
Nxd5 9. Bc1 exd4 10. Nxd4 Nxd4 11. cxd4 c6 12. Nc3 Be6 13. h3 h6 14. Re1 Bf6 15.
Be3 Nxe3 16. fxe3 Re8 17. Bc2 g6 18. Qf3 Bg7 19. Rad1 Qf6 20. Qg3 Rad8 21. Ne4
Qe7 22. a3 Bf5 23. Rf1 Bxe4 24. Bb3 Bd5 25. Bc2 Qxe3+ 0-1

[Event "Women's Speed Chess Q6"]
[Site "chess.com INT"]
[Date "2021.06.05"]
[Round "2"]
[White "Koridze, Lile"]
[Black "Linares Napoles, Oleiny"]
[Result "0-1"]
[WhiteTitle "WFM"]
[BlackTitle "WGM"]
[WhiteElo "2016"]
[BlackElo "2255"]
[WhiteFideId "13612514"]
[BlackFideId "3504794"]
[EventDate "2021.06.05"]

1. d4 Nf6 2. c3 g6 3. g3 Bg7 4. Bg2 d6 5. Nf3 Nbd7 6. O-O O-O 7. Nbd2 e5 8. Qc2
Re8 9. dxe5 Nxe5 10. b3 Bf5 11. Qd1 Nxf3+ 12. Bxf3 Qc8 13. Bb2 Bg4 14. Kg2 Bh3+
15. Kh1 Bxf1 16. Nxf1 Ne4 17. Qe1 d5 18. Ne3 c6 19. Rd1 Qc7 20. Kg1 Rad8 21. Bg2
Qa5 22. a3 Qb6 23. b4 Nxf2 0-1

[Event "Women's Speed Chess Q6"]
[Site "chess.com INT"]
[Date "2021.06.05"]
[Round "2"]
[White "Agrest, Inna"]
[Black "Nanditha, V"]
[Result "1-0"]
[WhiteTitle "WIM"]
[BlackTitle "WCM"]
[WhiteElo "2285"]
[BlackElo "1666"]
[WhiteFideId "1708830"]
[BlackFideId "46626697"]
[EventDate "2021.06.05"]

1. e4 c6 2. d4 d5 3. f3 dxe4 4. Nc3 e5 5. dxe5 Qxd1+ 6. Nxd1 exf3 7. Nxf3 Bg4 8.
Nf2 Bh5 9. Bc4 Nd7 10. g4 Bg6 11. c3 Bc5 12. Bf4 Ne7 13. O-O h5 14. g5 h4 15.
Rad1 h3 16. Nd4 Bxd4 17. Rxd4 Nf5 18. Rd2 Rh4 19. Nd3 Rg4+ 20. Kf2 Nh4 21. e6
Nb6 22. exf7+ Ke7 23. Re1+ Kd7 24. Nc5+ Kc8 25. Re8# 1-0

[Event "Women's Speed Chess Q6"]
[Site "chess.com INT"]
[Date "2021.06.05"]
[Round "2"]
[White "Frayna, Janelle Mae"]
[Black "Starosta, Martyna"]
[Result "1-0"]
[WhiteTitle "WGM"]
[BlackTitle "WCM"]
[WhiteElo "2179"]
[BlackElo "1910"]
[WhiteFideId "5212499"]
[BlackFideId "21818754"]
[EventDate "2021.06.05"]

1. e4 c5 2. Nf3 d6 3. Bb5+ Bd7 4. Bxd7+ Qxd7 5. O-O Nc6 6. c3 Nf6 7. Re1 g6 8.
d4 cxd4 9. cxd4 Bg7 10. Nc3 O-O 11. h3 e6 12. Bg5 d5 13. e5 Ne8 14. Qd2 Nc7 15.
Bh6 a6 16. Bxg7 Kxg7 17. Qg5 b5 18. h4 Qe7 19. Rac1 Qxg5 20. hxg5 Ne7 21. Na4
Ra7 22. Nc5 Nf5 23. g4 Ne7 24. Kg2 b4 25. Nd7 Rd8 26. Nf6 Nb5 27. Rh1 Rh8 28.
Rh3 Ng8 29. Rc8 Ne7 30. Rxh8 Kxh8 31. Rxh7# 1-0

[Event "Women's Speed Chess Q6"]
[Site "chess.com INT"]
[Date "2021.06.05"]
[Round "2"]
[White "Kashlinskaya, Alina"]
[Black "Priyanka, K"]
[Result "1-0"]
[WhiteTitle "IM"]
[BlackTitle "WIM"]
[WhiteElo "2494"]
[BlackElo "2218"]
[WhiteFideId "4198026"]
[BlackFideId "5082986"]
[EventDate "2021.06.05"]

1. d4 Nf6 2. c4 g6 3. Nc3 Bg7 4. e4 d6 5. h3 O-O 6. Be3 e5 7. d5 Na6 8. g4 Nc5
9. f3 h5 10. Qd2 c6 11. Nge2 cxd5 12. cxd5 a5 13. Bg5 Qb6 14. Ng3 h4 15. Bxh4
Nh7 16. Nf5 gxf5 17. gxf5 Nd7 18. O-O-O Kh8 19. Kb1 Rg8 20. Nb5 Ndf6 21. Rc1 Nh5
22. Rc7 Rf8 23. Bf2 Qxc7 24. Nxc7 Rb8 25. Ba7 Bd7 26. Bxb8 Rxb8 27. Bb5 Bxb5 28.
Nxb5 Rd8 29. Qxa5 Bf6 30. Qc7 1-0

[Event "Women's Speed Chess Q6"]
[Site "chess.com INT"]
[Date "2021.06.05"]
[Round "2"]
[White "Grineva, Marianna"]
[Black "Varney, Zoe"]
[Result "1-0"]
[WhiteTitle "WFM"]
[BlackTitle "WCM"]
[WhiteElo "2029"]
[BlackElo "1917"]
[WhiteFideId "14102013"]
[BlackFideId "436135"]
[EventDate "2021.06.05"]

1. e4 e5 2. Nf3 Nc6 3. Bb5 a6 4. Ba4 Nf6 5. Qe2 b5 6. Bb3 Bc5 7. c3 d6 8. d3 O-O
9. Nbd2 Re8 10. h3 Be6 11. Bc2 Qd7 12. g4 h6 13. Nf1 d5 14. Ne3 d4 15. Nf5 Rad8
16. a4 dxc3 17. bxc3 b4 18. c4 Bxf5 19. gxf5 Nd4 20. Nxd4 Bxd4 21. Rb1 Bc3+ 22.
Kf1 a5 23. Rg1 Kh7 24. Qf3 Qe7 25. Ke2 Nd7 26. Rg3 Rg8 27. Be3 Nb8 28. Rbg1 f6
29. Qh5 c5 30. Qg6+ Kh8 31. Bxh6 1-0

[Event "Women's Speed Chess Q6"]
[Site "chess.com INT"]
[Date "2021.06.05"]
[Round "2"]
[White "Purtseladze, Maka"]
[Black "Matveeva, Olga"]
[Result "0-1"]
[WhiteTitle "IM"]
[BlackTitle "WIM"]
[WhiteElo "2274"]
[BlackElo "2145"]
[WhiteFideId "13602659"]
[BlackFideId "24107018"]
[EventDate "2021.06.05"]

1. b3 Nf6 2. Bb2 d5 3. e3 e6 4. f4 Be7 5. Nf3 c5 6. Bb5+ Bd7 7. Bd3 Nc6 8. O-O
Nb4 9. Be2 O-O 10. Ne5 Rc8 11. c3 Nc6 12. d4 Ne4 13. Nd2 f5 14. Nxe4 fxe4 15.
Nxd7 Qxd7 16. Bg4 cxd4 17. cxd4 Nb4 18. Ba3 Nc2 19. Bxe7 Qxe7 20. Qd2 Nxa1 21.
Rxa1 Rc6 22. Qa5 b6 23. Qa6 Rfc8 24. h3 Rc2 25. Rf1 g6 26. a4 Kg7 27. a5 bxa5
28. Qxe6 Qxe6 29. Bxe6 Rd8 30. Ra1 Kf6 31. Bg4 h5 32. Bd1 Rd2 33. Kf1 Rc8 34.
Ke1 Rxg2 35. Rxa5 Rc1 0-1

[Event "Women's Speed Chess Q6"]
[Site "chess.com INT"]
[Date "2021.06.05"]
[Round "2"]
[White "Bommini, Mounika Akshaya"]
[Black "Smietanska, Wiktoria"]
[Result "1-0"]
[WhiteTitle "WFM"]
[BlackTitle "CM"]
[WhiteElo "2029"]
[BlackElo "1802"]
[WhiteFideId "25019872"]
[BlackFideId "21869359"]
[EventDate "2021.06.05"]

1. d4 Nf6 2. c4 g6 3. Nc3 Bg7 4. e4 d6 5. f4 O-O 6. Nf3 c5 7. d5 e6 8. dxe6 fxe6
9. Bd3 d5 10. e5 Ne8 11. O-O d4 12. Ne4 b6 13. Qe1 Bb7 14. Qg3 Nc6 15. Qh3 Qd7
16. Nfg5 h6 17. Nxe6 Rf7 18. N6g5 hxg5 19. e6 Qc8 20. exf7+ Kxf7 21. Nxg5+ Kf8
22. Qh7 Ne7 23. f5 Nf6 24. fxg6 Qc6 25. Be4 Qd6 26. Bxb7 Rb8 27. Bf4 Nxh7 28.
Bxd6+ Kg8 29. gxh7+ Kh8 30. Bxb8 Bh6 31. Be5+ Bg7 32. Rf8+ Ng8 33. Rxg8# 1-0

[Event "Women's Speed Chess Q6"]
[Site "chess.com INT"]
[Date "2021.06.05"]
[Round "2"]
[White "Mkrtchian, Lilit"]
[Black "Tarasova, Viktoriya"]
[Result "1/2-1/2"]
[WhiteTitle "IM"]
[BlackTitle "WIM"]
[WhiteElo "2388"]
[BlackElo "2226"]
[WhiteFideId "13300601"]
[BlackFideId "4175840"]
[EventDate "2021.06.05"]

1. e4 e5 2. Nf3 Nc6 3. Bb5 Nf6 4. d3 Bc5 5. c3 O-O 6. O-O d6 7. h3 a6 8. Ba4 b5
9. Bc2 Bb6 10. Re1 h6 11. d4 Re8 12. a4 Bd7 13. d5 Ne7 14. Nbd2 Ng6 15. Nf1 c6
16. dxc6 Bxc6 17. Ng3 Nf4 18. Be3 Qc7 19. Bxb6 Qxb6 20. Qxd6 Rad8 21. Qa3 bxa4
22. Rad1 Rb8 23. Bxa4 Bxa4 24. Qxa4 Qxb2 25. Qxa6 Qxc3 26. Qa1 Qxa1 27. Rxa1 Rb2
28. Rab1 Ra2 29. Ra1 Rb2 30. Rab1 Ra2 31. Ra1 Rb2 1/2-1/2

[Event "Women's Speed Chess Q6"]
[Site "chess.com INT"]
[Date "2021.06.05"]
[Round "2"]
[White "Kotepalli, Sai Nirupama"]
[Black "Golubenko, Valentina"]
[Result "1-0"]
[WhiteTitle "WFM"]
[BlackTitle "WGM"]
[WhiteElo "1914"]
[BlackElo "2209"]
[WhiteFideId "5039444"]
[BlackFideId "4501993"]
[EventDate "2021.06.05"]

1. e4 e6 2. d3 d5 3. Nd2 Nf6 4. Ngf3 c5 5. g3 Nc6 6. Bg2 Be7 7. O-O O-O 8. e5
Nd7 9. Qe2 h6 10. Re1 f6 11. exf6 Nxf6 12. Bh3 e5 13. Bxc8 Rxc8 14. Nxe5 Nxe5
15. Qxe5 Bd6 16. Qe2 Re8 17. Qd1 Qd7 18. Nf1 Rxe1 19. Qxe1 Re8 20. Qd1 Be5 21.
c3 Rf8 22. Bd2 Qf5 23. Qe2 Ng4 24. f4 Bc7 25. Re1 c4 26. dxc4 Bb6+ 27. Kg2 Kh8
28. cxd5 Nf6 29. c4 Re8 30. Qf3 Rxe1 31. Bxe1 Qc2+ 32. Bd2 Qxb2 33. d6 Ba5 34.
Qd3 1-0

[Event "Women's Speed Chess Q6"]
[Site "chess.com INT"]
[Date "2021.06.05"]
[Round "2"]
[White "Sikorova, Olga"]
[Black "Sukandar, Irine Kharisma"]
[Result "0-1"]
[WhiteTitle "WGM"]
[BlackTitle "IM"]
[WhiteElo "2215"]
[BlackElo "2413"]
[WhiteFideId "307033"]
[BlackFideId "7101937"]
[EventDate "2021.06.05"]

1. c4 e5 2. g3 Nf6 3. Bg2 d5 4. cxd5 Nxd5 5. Nc3 Nb6 6. Nf3 Nc6 7. O-O Be7 8. b3
O-O 9. Bb2 f5 10. d3 Bf6 11. e4 f4 12. Ne2 fxg3 13. hxg3 Bg4 14. Nh2 Bh5 15. g4
Bf7 16. Nf3 Be6 17. Nh2 Kh8 18. Ng3 Nd4 19. Nf5 Bxf5 20. exf5 c6 21. Nf3 Nxf3+
22. Bxf3 Nd5 23. Be4 Nf4 24. Qf3 Re8 25. d4 Qc7 26. Rad1 exd4 27. Bxd4 Bxd4 28.
Rxd4 Qe5 29. Rfd1 c5 30. Bxb7 Ne2+ 31. Kg2 Nxd4 32. Rxd4 cxd4 33. Bxa8 d3 34.
Bc6 Rd8 35. Bd7 d2 36. Qd3 Qe7 37. Qxd2 Qxd7 38. Qe3 Qd5+ 39. Kh2 Qd6+ 40. Kg2
h6 41. Qxa7 Qc6+ 42. Kh2 Qf3 43. Kg1 0-1

[Event "Women's Speed Chess Q6"]
[Site "chess.com INT"]
[Date "2021.06.05"]
[Round "2"]
[White "Vo, Thi Kim Phung"]
[Black "Kairbekova, Amina"]
[Result "1-0"]
[WhiteTitle "WGM"]
[BlackTitle "WFM"]
[WhiteElo "2335"]
[BlackElo "2132"]
[WhiteFideId "12401838"]
[BlackFideId "13712799"]
[EventDate "2021.06.05"]

1. d4 d5 2. c4 e6 3. Nc3 a6 4. cxd5 exd5 5. Nf3 Nf6 6. Bg5 Be6 7. e3 c6 8. Bd3
Nbd7 9. O-O Bd6 10. Qc2 h6 11. Bh4 Qc7 12. Bg3 O-O 13. Rab1 Rfe8 14. Rfc1 Bg4
15. Nd2 b5 16. Bf5 Bxf5 17. Qxf5 Nb6 18. b3 Rad8 19. a4 b4 20. Ne2 Nc8 21. Nf4
Ne7 22. Qd3 g5 23. Ne2 a5 24. Rc2 h5 25. Rbc1 h4 26. Bxd6 Qxd6 27. h3 Rc8 28.
Nf3 Ne4 29. Qa6 f6 30. Qd3 Kg7 31. Nd2 Rc7 32. Nxe4 dxe4 33. Qxe4 f5 34. Qe5+
Qxe5 35. dxe5 Rd8 36. Nd4 Rd5 37. Ne6+ 1-0

[Event "Women's Speed Chess Q6"]
[Site "chess.com INT"]
[Date "2021.06.05"]
[Round "2"]
[White "Zhuravleva, Olga"]
[Black "Eswaran, Aksithi"]
[Result "1-0"]
[WhiteTitle "WIM"]
[BlackTitle "WCM"]
[WhiteElo "2278"]
[BlackElo "1745"]
[WhiteFideId "4145933"]
[BlackFideId "2083485"]
[EventDate "2021.06.05"]

1. e4 c5 2. Nf3 Nc6 3. Nc3 e5 4. Bc4 d6 5. d3 Be7 6. h3 Nf6 7. O-O O-O 8. Nd5
Be6 9. c3 a6 10. a4 Na5 11. Ba2 Nc6 12. Be3 Rc8 13. Ne1 Re8 14. Kh1 Bf8 15. f4
Bxd5 16. exd5 Ne7 17. Qf3 Nf5 18. fxe5 Nxe3 19. Qxe3 Rxe5 20. Qf3 b5 21. axb5
axb5 22. Nc2 Qe8 23. Rae1 c4 24. d4 Rxe1 25. Rxe1 Qd8 26. Bb1 Qb6 27. Ne3 Re8
28. Rf1 Qb7 29. Bc2 b4 30. Ba4 Ra8 31. Bc6 Qa7 32. Bxa8 Qxa8 33. cxb4 Qa4 34.
Nxc4 Qxb4 35. Rc1 Be7 36. Qa3 Qxa3 37. bxa3 Nxd5 38. a4 h5 39. a5 Nc7 40. Nb6
Na6 41. Rc8+ Kh7 42. Nd5 Bg5 43. Ra8 Nb4 44. Nxb4 1-0

[Event "Women's Speed Chess Q6"]
[Site "chess.com INT"]
[Date "2021.06.05"]
[Round "2"]
[White "Luong, Phuong Hanh"]
[Black "Ambartsumova, Karina"]
[Result "0-1"]
[WhiteTitle "WIM"]
[BlackTitle "IM"]
[WhiteElo "2229"]
[BlackElo "2382"]
[WhiteFideId "12401013"]
[BlackFideId "4166299"]
[EventDate "2021.06.05"]

1. d4 Nf6 2. Nf3 e6 3. e3 d5 4. Bd3 b6 5. O-O Be7 6. c4 O-O 7. Nc3 c5 8. cxd5
exd5 9. dxc5 bxc5 10. Bd2 Ba6 11. Bxa6 Nxa6 12. Rc1 d4 13. exd4 cxd4 14. Nb5 d3
15. Re1 Qd7 16. a4 Bb4 17. Ne5 Qf5 18. Nc6 Bc5 19. Be3 Rfe8 20. Bxc5 Nxc5 21.
Rxe8+ Rxe8 22. Nd6 d2 23. Qxd2 Qd7 24. Rxc5 Qxd6 25. Qc1 Qxc5 0-1

[Event "Women's Speed Chess Q6"]
[Site "chess.com INT"]
[Date "2021.06.05"]
[Round "2"]
[White "Gaponenko, Inna"]
[Black "Morris-Suzuki, Sophie"]
[Result "1-0"]
[WhiteTitle "IM"]
[BlackTitle "WFM"]
[WhiteElo "2357"]
[BlackElo "2043"]
[WhiteFideId "14101181"]
[BlackFideId "30922615"]
[EventDate "2021.06.05"]

1. e4 c5 2. c3 Nf6 3. e5 Nd5 4. Bc4 e6 5. Nf3 d6 6. d4 cxd4 7. cxd4 Nc6 8. O-O
Be7 9. Qe2 O-O 10. Bd2 Qc7 11. Nc3 Nxc3 12. Bxc3 dxe5 13. dxe5 Bb4 14. Bd3 Bxc3
15. bxc3 b6 16. Qe4 g6 17. Rfe1 Bb7 18. Qh4 Rfd8 19. Ng5 Rxd3 20. Qxh7+ Kf8 21.
Nxe6+ fxe6 22. Qxc7 Nd8 23. Rad1 Rc8 24. Qh7 Rcxc3 25. Qxg6 Ba6 26. Rxd3 Rxd3
27. h4 Nf7 28. Qxe6 Rd2 29. h5 Rd4 30. Qf6 Ke8 31. e6 Nd6 32. Qxd4 1-0

[Event "Women's Speed Chess Q6"]
[Site "chess.com INT"]
[Date "2021.06.05"]
[Round "2"]
[White "Singgih, Diajeng Theresa"]
[Black "Arpita, Mukherjee"]
[Result "0-1"]
[WhiteTitle "WFM"]
[BlackTitle "WIM"]
[WhiteElo "1972"]
[BlackElo "2206"]
[WhiteFideId "7104391"]
[BlackFideId "5056403"]
[EventDate "2021.06.05"]

1. e4 c5 2. Nf3 d6 3. d4 cxd4 4. Nxd4 Nf6 5. Nc3 a6 6. Bc4 e6 7. Bb3 Nbd7 8. O-O
Nc5 9. Re1 Be7 10. f4 O-O 11. f5 e5 12. Nf3 Nxb3 13. axb3 b5 14. Nd5 Bb7 15. c4
bxc4 16. bxc4 Nxd5 17. exd5 Qd7 18. Qd3 Rac8 19. b3 g6 20. Bh6 Rfe8 21. fxg6
hxg6 22. Ng5 Qg4 23. Re4 Qh5 24. Nxf7 Kxf7 25. Rf1+ Kg8 26. Qe3 Rf8 27. Bxf8
Rxf8 28. Rxf8+ Bxf8 29. h3 Bc8 30. Qa7 Bf5 31. Re1 Qh4 32. Rf1 Qd4+ 33. Qxd4
exd4 34. g4 Bc2 35. b4 d3 36. Rf2 Bg7 37. Kf1 Bd4 38. Rh2 Bb3 39. c5 dxc5 40. d6
Kf7 41. bxc5 Bxc5 42. Rd2 Bc2 43. d7 Ke7 0-1

[Event "Women's Speed Chess Q6"]
[Site "chess.com INT"]
[Date "2021.06.05"]
[Round "2"]
[White "Selkirk, Rebecca"]
[Black "Varshini, V"]
[Result "0-1"]
[WhiteTitle "WCM"]
[BlackTitle "WGM"]
[WhiteElo "1799"]
[BlackElo "2226"]
[WhiteFideId "14306514"]
[BlackFideId "5091241"]
[EventDate "2021.06.05"]

1. e4 c5 2. Nf3 d6 3. d4 cxd4 4. Nxd4 Nf6 5. Nc3 a6 6. Bg5 e6 7. f4 Be7 8. Qf3
Qc7 9. O-O-O Nbd7 10. Bd3 b5 11. Rhe1 Bb7 12. Qe2 b4 13. Nd5 exd5 14. exd5 O-O
15. Nf5 Bd8 16. Qf2 Nc5 17. Qh4 Nxd3+ 18. Rxd3 Bc8 19. Nxg7 Nxd5 20. Rh3 Bxh3
21. Qxh3 Bxg5 22. fxg5 Kxg7 23. Qh6+ Kg8 24. Re4 Qd7 25. Rh4 Qf5 0-1

[Event "Women's Speed Chess Q6"]
[Site "chess.com INT"]
[Date "2021.06.05"]
[Round "2"]
[White "Buksa, Nataliya"]
[Black "Steil-Antoni, Fiona"]
[Result "0-1"]
[WhiteTitle "IM"]
[BlackTitle "WIM"]
[WhiteElo "2413"]
[BlackElo "2129"]
[WhiteFideId "14123622"]
[BlackFideId "4001249"]
[EventDate "2021.06.05"]

1. d4 d6 2. Nc3 Nf6 3. e4 Nbd7 4. Nf3 e5 5. Bc4 Be7 6. O-O O-O 7. Re1 c6 8. a4
a5 9. h3 Qb6 10. b3 exd4 11. Nxd4 Nc5 12. Bb2 Be6 13. Nxe6 fxe6 14. Qd2 Rae8 15.
Ba3 d5 16. exd5 exd5 17. Bd3 Bd6 18. Rxe8 Rxe8 19. Re1 Qd8 20. Bc1 Nxd3 21. cxd3
Bb4 22. d4 Ne4 23. Rxe4 Rxe4 24. Bb2 Qe7 25. Qd3 Re1+ 26. Kh2 Bd6+ 27. g3 Qf6
28. Kg2 Qg6 29. Qf3 Bb4 30. Ne2 Qe4 31. Qxe4 dxe4 32. Nf4 Rb1 0-1

[Event "Women's Speed Chess Q6"]
[Site "chess.com INT"]
[Date "2021.06.05"]
[Round "2"]
[White "Belenkaya, Dina"]
[Black "Shuvalova, Polina"]
[Result "0-1"]
[WhiteTitle "WGM"]
[BlackTitle "IM"]
[WhiteElo "2341"]
[BlackElo "2489"]
[WhiteFideId "24142654"]
[BlackFideId "24171760"]
[EventDate "2021.06.05"]

1. e4 c5 2. Nc3 d6 3. g3 g6 4. Bg2 Bg7 5. d3 Nc6 6. Be3 Nf6 7. h3 O-O 8. Qd2 Rb8
9. Bh6 b5 10. Nf3 b4 11. Nd5 e6 12. Bxg7 Kxg7 13. Ne3 d5 14. e5 Nd7 15. Ng4 f5
16. exf6+ Nxf6 17. Qh6+ Kg8 18. Ng5 Rb7 19. O-O Nxg4 20. hxg4 Ne5 21. f3 Qf6 22.
Rae1 Nc6 23. f4 Re7 24. Kh2 Nd4 25. c3 bxc3 26. bxc3 Nb5 27. c4 dxc4 28. dxc4
Nd4 29. Re5 Nc2 30. Rb1 Ba6 31. Rxc5 Ne3 32. Be4 Nxg4+ 33. Kh3 Nxh6 34. Rc6 Bc8
35. Rb8 Bd7 36. Rc7 Rxb8 0-1

[Event "Women's Speed Chess Q6"]
[Site "chess.com INT"]
[Date "2021.06.05"]
[Round "2"]
[White "Vu, Bui Thi Thanh Van"]
[Black "Padmini, Rout"]
[Result "0-1"]
[WhiteTitle "WFM"]
[BlackTitle "IM"]
[WhiteElo "1750"]
[BlackElo "2370"]
[WhiteFideId "12408921"]
[BlackFideId "5029295"]
[EventDate "2021.06.05"]

1. d4 Nf6 2. Nf3 g6 3. Nbd2 d5 4. e3 Bg7 5. b4 O-O 6. Be2 Bg4 7. Bb2 Qd6 8. a3
Nbd7 9. O-O Ne4 10. c4 Nxd2 11. Nxd2 Bxe2 12. Qxe2 e5 13. dxe5 Nxe5 14. Rfd1 Qa6
15. b5 Qe6 16. cxd5 Qxd5 17. a4 Rfd8 18. e4 Qd3 19. Qxd3 Rxd3 20. Bxe5 Bxe5 21.
Nc4 Bxa1 22. Rxd3 a6 23. Rd1 axb5 24. axb5 Kg7 25. Kf1 Bc3 26. Ke2 Ra2+ 27. Kf3
Bb4 28. Rd7 Bc5 29. Ne3 Bb6 30. g3 Rb2 31. Rd5 h5 32. Nd1 Rb3+ 33. Kg2 Kf6 34.
f4 Ke6 35. Kh3 f5 0-1

[Event "Women's Speed Chess Q6"]
[Site "chess.com INT"]
[Date "2021.06.05"]
[Round "2"]
[White "Mammadova, Gulnar"]
[Black "Zaksaite, Salomeja"]
[Result "1-0"]
[WhiteTitle "IM"]
[BlackTitle "WIM"]
[WhiteElo "2382"]
[BlackElo "2202"]
[WhiteFideId "13403508"]
[BlackFideId "12801496"]
[EventDate "2021.06.05"]

1. e4 c5 2. Nf3 e6 3. b3 Nf6 4. e5 Nd5 5. c4 Nc7 6. Bb2 d5 7. exd6 Qxd6 8. d4
Nc6 9. Be2 cxd4 10. Nxd4 Nxd4 11. Qxd4 Qxd4 12. Bxd4 Bd7 13. Nc3 Bc6 14. f3 b6
15. O-O-O O-O-O 16. Kb2 f6 17. a4 Be7 18. a5 Kb7 19. Nb5 Nxb5 20. cxb5 Bd5 21.
a6+ Kb8 22. f4 Rd7 23. Rhg1 Rhd8 24. Be3 Bd6 25. g4 Bc7 26. h4 e5 27. fxe5 Bxe5+
28. Ka2 Rc8 29. Rc1 Rcd8 30. g5 Be6 31. gxf6 gxf6 32. Rgd1 Bg3 33. Rxd7 Rxd7 34.
Rg1 Be5 35. Bc4 Bxc4 36. bxc4 Rd8 37. Rg7 h5 38. Rb7+ Ka8 39. Rh7 Rd3 40. Rh8+
Bb8 41. Bf4 1-0

[Event "Women's Speed Chess Q6"]
[Site "chess.com INT"]
[Date "2021.06.05"]
[Round "2"]
[White "Gevorgyan, Maria"]
[Black "Nguyen, Hong Anh"]
[Result "1/2-1/2"]
[WhiteTitle "WGM"]
[BlackTitle "WIM"]
[WhiteElo "2219"]
[BlackElo "1993"]
[WhiteFideId "13300270"]
[BlackFideId "12406732"]
[EventDate "2021.06.05"]

1. e4 c5 2. Nc3 Nc6 3. Bb5 Nd4 4. Bc4 g6 5. Nf3 Bg7 6. Nxd4 cxd4 7. Qf3 Nf6 8.
e5 dxc3 9. dxc3 O-O 10. exf6 Bxf6 11. Bh6 Re8 12. O-O d6 13. Rad1 Bf5 14. Bb3
Qb6 15. Rfe1 Bg7 16. Be3 Qc6 17. Bd5 Qc7 18. Bb3 Qd7 19. Bg5 h6 20. Bc1 Rf8 21.
Qg3 h5 22. Bg5 e5 23. Qe3 Be6 24. Bh6 Bxb3 25. axb3 Qe6 26. Bxg7 Kxg7 27. Qd3
Rad8 28. Qb5 b6 29. Ra1 Rd7 30. Red1 d5 31. c4 d4 32. c5 bxc5 33. Qxc5 a6 34.
Re1 Rd5 35. Qc4 a5 36. Qd3 Rc8 37. Re2 Rdc5 38. Rae1 Qd6 39. c3 Qd5 40. Rxe5
Qxb3 41. Qxd4 Rxe5 42. Qxe5+ Kg8 43. Qxa5 Qxb2 44. h3 Qxc3 45. Re8+ Kg7 46.
Qxc3+ Rxc3 47. Re4 Rc2 1/2-1/2